00263nam a22000857a 4500020001900000050002200019082002200041245004900063260006500112 a97818684268649 aJ 796.333092 DAN aJ 796.333092 DAN aSiya Kolisi the road to glorycJeremy Daniel aSouth Africa : Cape Town; Johannesburg bJonathan Ballc2018